000 00545nam a2200181 i 4500
001 102622
003 ES-MaACL
005 20230906183139.0
007 t|
008 051123s1967 pr ||||1| spa d
080 _a338(729.5)
100 1 _aGonzález, Antonio J.
_958290
245 1 0 _aEconomía política de Puerto Rico /
_cAntonio J. González.
260 _aSan Juan de Puerto Rico :
_bCordillera,
_c1967.
300 _a168 p. ;
_c20 cm.
651 4 _aPuerto Rico-
_xSituación económica.
_99291
852 _aES-MaACL
_jE-11146
_bR.136731
999 _c102622
_d102622